000 00529nam a22001817a 4500
005 20251108175705.0
008 250721s2018 xx 000 0 ara d
082 1 4 _a956.02/عمر
100 1 _aالعمري، وميض
245 1 0 _aأهل البيت بين الخلافة والملك /
264 1 _aعمان :
_bدار عمار،
_c2018.
300 _a680ص.
650 1 7 _aالتاريخ الاسلامي
650 1 7 _aعصر صدر الاسلام
650 1 7 _aآل البيت
942 _2ddc
_cBK
999 _c140082
_d140082